| 000 | 00600nam a22001937a 4500 | ||
|---|---|---|---|
| 005 | 20240522120826.0 | ||
| 010 | _aENG-140468 | ||
| 020 |
_a9788195555574 _c2750.00 |
||
| 035 | _aEN-124000 | ||
| 037 | _bDBAD | ||
| 082 | _a220 | ||
| 100 |
_aColebrooke H. T. _966727 |
||
| 245 |
_aReligion and Philosophy of the Hindus/ _cBy H. T. Colerbrooke [and] Edited by D. A. Gangadhar |
||
| 260 |
_bPrachya Vidya Bhawan _c2022 _aVaranasi |
||
| 270 | _aB5/25 Oudhgarvi, Sonarpura | ||
| 300 |
_a546p. _c22cm(hb) |
||
| 700 |
_aColerbrooke H. T. _eAuthor _966728 |
||
| 942 |
_2ddc _cEN _h220 _mCol |
||
| 999 |
_c203154 _d203154 |
||